000 00493cam a22001932 4500
001 0000000507
005 20151217155802.0
008 070206s xx 000 0 eng d
040 _aKABU
_cKABU
050 0 _aDT433.54
_b.M38
100 1 _aMutahi, Wahome.
_@0000148717
245 1 0 _aHow to be a Kenyan.
250 _arev. ed.
260 _aNairobi :
_bKenway,
_c2002.
300 _a139 p.
908 _a070206
950 _@1
999 _c12369
_d12369